00282nam a2200121Ia 4500008004100000100001600041245001800057260003200075300000900107650002000116942000700136999001700143190216s9999||||xx |||||||||||||| ||und|| aKesavadev P 0aAdyathe Katha bPoorna Pubs Kozhikodec1956 a154p aMalayalam Novel cBK c26066d26066